00715nam a2200229 a 4500001001300000003000900013005001700022008004100039020001000080082001700090100002400107245007700131260003400208300000900242500003500251505001000286650002900296902000800325942000700333952013000340999001500470nice12345678IN_TiNIC20260116012927.0050524s1979 lona grp 000 0 eng  ac10000a291.211bSCH aSchimmel, Annemarie aWe Believe in One Godb the Experience of God in Christianity and Islam. aLondonbBurns and Oatesc1979 a180p aincludes index and biblioraphy2 aIndex aComparative Religion-God bSRS cBK 001040708StackRoom-aHMIbHMId2011-01-21g100.00l1o291.211 SCHp013500r2023-12-13s2023-12-11v100.00w2005-05-24yBK c8926d8926